| 000 | 00651nam a2200229Ia 4500 | ||
|---|---|---|---|
| 003 | OSt | ||
| 005 | 20221005123441.0 | ||
| 006 | a|||||r|||| 00| 0 | ||
| 007 | ta | ||
| 008 | 221004b |||||||| |||| 00| 0 eng d | ||
| 024 | _a58320 | ||
| 037 | _cTextual | ||
| 040 |
_aCRL _cCRL _beng |
||
| 041 |
_2eng _aeng |
||
| 082 | _aV2:25wM89, H5 | ||
| 100 | _aNehru Jawaharlal | ||
| 245 | 0 |
_aLetters from a father to his daughter _b Being a brief account of the early days of the world, written for children. |
|
| 260 | _c1945 | ||
| 650 | _aHISTORY | ||
| 942 |
_hV2:25wM89, H5 _cTEXL _2cc |
||
| 999 |
_c1047440 _d1047440 |
||